000 01153pam a2200277 a 4500
999 _c18719
_d18719
001 3922903
008 920506s1992 moua bc s001 0 eng
010 _a 92018250
020 _a082620824X
050 0 0 _aND653.L85S63 1992
100 1 _aSmith, Elise Lawton.
245 1 4 _aThe paintings of Lucas van Leyden :
_ba new appraisal, with catalogue raisonné /
_cElise Lawton Smith.
260 _aColumbia :
_bUniversity of Missouri Press,
_cc1992.
300 _axvi, 386 p. :
_bill. ;
_c25 cm.
504 _aIncludes bibliographical references (p. 343-378) and index.
600 0 0 _aLucas,
_cvan Leyden,
_d1494-1533
_xCriticism and interpretation.
600 0 0 _aLucas,
_cvan Leyden,
_d1494-1533
_xCatalogues raisonnés.
700 0 _aLucas,
_cvan Leyden,
_d1494-1533.
942 _2lcc
_cBOOKS
_hND653.L85S63 1992